Loading...
| Science - Biology | 1 | 1 | 0 | 1 | 25 | 76 | 106.00 | 1 | 2 | 0.00 | 0.00 |
| History - American | 1 | 0 | 0 | 0 | 15 | 70 | 70.00 | 1 | 1 | 0.00 | 0.00 |
| Social Science | 1 | 0 | 0 | 0 | 15 | 34 | 34.00 | 1 | 1 | 0.00 | 0.00 |
| Science - Other | 1 | 0 | 0 | 0 | 15 | 57 | 57.00 | 1 | 1 | 0.00 | 0.00 |
| Science - Physics | 0 | 2 | 1 | 0 | 15 | 67 | 96.50 | 2 | 2 | 0.00 | 0.00 |
| Fine Arts - Visual | 1 | 0 | 0 | 0 | 15 | 69 | 69.00 | 0 | 1 | 0.00 | 0.00 |
| Religion | 0 | 1 | 0 | 1 | 10 | 82 | 82.00 | 0 | 1 | 0.00 | 0.00 |
| Science - Chemistry | 0 | 1 | 0 | 0 | 10 | 78 | 78.00 | 1 | 1 | 0.00 | 0.00 |
| Literature - American | 0 | 1 | 1 | 0 | 5 | 85 | 85.00 | 0 | 1 | 0.00 | 0.00 |